MARC

LEADER 00000nam0a2200000 4500
001 288833
005 20231102000128.0
035 |a (RuTPU)RU\TPU\book\313337 
090 |a 288833 
100 |a 20150328d1985 k y0rusy50 ca 
101 0 |a rus 
102 |a RU 
105 |a a z 001zy 
200 1 |a Индустриальные отопительно-вентиляционные и санитарно-технические системы и технология их монтажа  |e сборник научных трудов  |f Всесоюзный научно-исследовательский институт гидромеханизации, санитарно-технических и специальных строительных работ (ВНИИГС) ; под ред. С. А. Чистовича 
210 |a Ленинград  |c Изд-во ВНИИГС  |d 1985 
215 |a 148 с.  |c ил. 
320 |a Библиография в конце статей 
606 1 |a Санитарная техника  |x Строительство  |2 stltpush  |3 (RuTPU)RU\TPU\subj\53787  |9 71952 
610 1 |a отопительные системы 
610 1 |a вентиляционные системы 
610 1 |a санитарно-технические системы 
610 1 |a монтаж 
610 1 |a технология 
610 1 |a промышленные здания 
610 1 |a гражданские здания 
610 1 |a противокоррозийная защита 
610 1 |a трубопроводы 
675 |a 696/697  |v 3 
702 1 |a Чистович  |b С. А.  |4 340 
712 0 2 |a Всесоюзный научно-исследовательский институт гидромеханизации, санитарно-технических и специальных строительных работ (ВНИИГС)  |c (Ленинград)  |c (1963-1992)  |2 stltpush  |3 (RuTPU)RU\TPU\col\21279 
801 1 |a RU  |b 63413507  |c 20150328 
801 2 |a RU  |b 63413507  |c 20180212  |g RCR 
942 |c BK